000 00672nam a2200265Ia 4500
005 20260121170448.0
008 008 260114s9999 xx 000 0 eng d
020 _a9783319683034
037 _aEBOOK
040 _aCRL
040 _beng
040 _cCRL
041 _2eng
041 _aeng
084 _qCRL
100 _aEmma C. Underwood, Hugh D. Safford, Nicole A. Molinari, Jon E. Keeley
_91064180
245 0 _aValuing Chaparral
260 _bSpringer
260 _bSpringer
260 _c2018
856 _uhttps://link.springer.com/openurl?genre=book&isbn=978-3-319-68303-4
942 _cEBOOK
999 _c1629909
_d1629909